000 00557nam a2200229Ia 4500
003 OSt
005 20220918210536.0
006 a|||||r|||| 00| 0
007 ta
008 220917b |||||||| |||| 00| 0 eng d
024 _a120,881
037 _cTextual
040 _aARTS
_cARTS
_beng
041 _2eng
_aeng
082 _aWx, 15H1
100 _aSukracarya
_9118526
245 0 _aSukraniti, tr by Gangaprasada
260 _c1941
650 _aPOLITICAL SCIENCE
942 _hWx, 15H1
_cTEXL
_2CC
999 _c244137
_d244137